<?xml version="1.0" encoding="UTF-8"?>
<record
    xmlns:xsi="http://www.w3.org/2001/XMLSchema-instance"
    xsi:schemaLocation="http://www.loc.gov/MARC21/slim http://www.loc.gov/standards/marcxml/schema/MARC21slim.xsd"
    xmlns="http://www.loc.gov/MARC21/slim">

  <leader>01623nam a2200253Ia 4500</leader>
  <controlfield tag="008">120625s1990    mx            001 0 spa d</controlfield>
  <datafield tag="020" ind1=" " ind2=" ">
    <subfield code="a">9789682438370</subfield>
  </datafield>
  <datafield tag="050" ind1=" " ind2="4">
    <subfield code="a">QA37H3.3 </subfield>
    <subfield code="b">H736 1990</subfield>
  </datafield>
  <datafield tag="100" ind1="1" ind2=" ">
    <subfield code="a">Haaser, Norman B.</subfield>
    <subfield code="e">autor</subfield>
  </datafield>
  <datafield tag="240" ind1="1" ind2="0">
    <subfield code="a">Introduction to Analysis.</subfield>
    <subfield code="l">Espa&#xF1;ol</subfield>
  </datafield>
  <datafield tag="245" ind1="1" ind2="0">
    <subfield code="a">An&#xE1;lisis Matem&#xE1;tico    </subfield>
    <subfield code="b">/ Norman B. Haaser, Joseph P. La Salle, Joseph A. Sullivan Traducci&#xF3;n de : Biblioteca de Matem&#xE1;tica Superior</subfield>
  </datafield>
  <datafield tag="250" ind1=" " ind2=" ">
    <subfield code="a">2a. edici&#xF3;n</subfield>
  </datafield>
  <datafield tag="260" ind1="3" ind2=" ">
    <subfield code="a">M&#xE9;xico </subfield>
    <subfield code="b">: Trillas</subfield>
    <subfield code="c">, 1990</subfield>
  </datafield>
  <datafield tag="300" ind1=" " ind2=" ">
    <subfield code="a">808 p&#xE1;ginas</subfield>
  </datafield>
  <datafield tag="336" ind1=" " ind2=" ">
    <subfield code="a">Texto</subfield>
  </datafield>
  <datafield tag="337" ind1=" " ind2=" ">
    <subfield code="a">Sin medio </subfield>
  </datafield>
  <datafield tag="338" ind1=" " ind2=" ">
    <subfield code="a">Volumen</subfield>
  </datafield>
  <datafield tag="500" ind1=" " ind2=" ">
    <subfield code="a">Traducci&#xF3;n de : Introduction to Analysis
Incluye &#xED;ndice anal&#xED;tico (pp. 781-786)
Vol 1 Curso de introducci&#xF3;n 
Vol 2 Curso intermedio</subfield>
  </datafield>
  <datafield tag="504" ind1=" " ind2=" ">
    <subfield code="a">Incluye bibliograf&#xED;a (pp. 777-779)</subfield>
  </datafield>
  <datafield tag="505" ind1=" " ind2=" ">
    <subfield code="a">Los n&#xFA;meros reales
Anal&#xED;tica plana
Funciones
Transformaciones r&#xED;gidas
Gr&#xE1;ficas de ecuaciones
Trigonometr&#xED;a anal&#xED;tica
Inducci&#xF3;n matem&#xE1;tica
L&#xED;mites y derivadas
El axioma del supremo
Aplicaciones de la derivada
Soluci&#xF3;n de ecuaciones
La integral definida
Aplicaciones de la integral definida
Funciones elementales
M&#xE9;todo de integraci&#xF3;n
&#xC1;lgebra vectorial
Geometr&#xED;a anal&#xED;tica s&#xF3;lida
Funciones vectoriales de una variables real
Funciones reales de un vector
Funciones vectoriales de un vector
Integrales m&#xFA;ltiples
Funciones de conjunto e integrales m&#xFA;ltiples
Sucesiones
Series
Integrales impropias
Ecuaciones diferenciales
Funciones definidas por ecuaciones diferenciales</subfield>
  </datafield>
  <datafield tag="519" ind1=" " ind2=" ">
    <subfield code="a">Material complementario /</subfield>
    <subfield code="d">(05 000446,05 000447)</subfield>
  </datafield>
  <datafield tag="650" ind1=" " ind2="0">
    <subfield code="a">AN&#xC1;LISIS MATEM&#xC1;TICO</subfield>
  </datafield>
  <datafield tag="942" ind1=" " ind2=" ">
    <subfield code="c">LB</subfield>
  </datafield>
  <datafield tag="952" ind1=" " ind2=" ">
    <subfield code="0">0</subfield>
    <subfield code="1">0</subfield>
    <subfield code="2">lcc</subfield>
    <subfield code="4">0</subfield>
    <subfield code="7">0</subfield>
    <subfield code="a">04</subfield>
    <subfield code="b">04</subfield>
    <subfield code="d">2008-11-19</subfield>
    <subfield code="l">0</subfield>
    <subfield code="o">QA37H3.3 H736 1990</subfield>
    <subfield code="p">05 000446</subfield>
    <subfield code="r">2023-02-07</subfield>
    <subfield code="t">1</subfield>
    <subfield code="w">2012-06-24</subfield>
    <subfield code="y">LB</subfield>
  </datafield>
  <datafield tag="952" ind1=" " ind2=" ">
    <subfield code="0">0</subfield>
    <subfield code="1">0</subfield>
    <subfield code="2">lcc</subfield>
    <subfield code="4">0</subfield>
    <subfield code="7">0</subfield>
    <subfield code="a">04</subfield>
    <subfield code="b">04</subfield>
    <subfield code="d">2008-11-19</subfield>
    <subfield code="l">0</subfield>
    <subfield code="o">QA37H3.3 H736 1990</subfield>
    <subfield code="p">05 000447</subfield>
    <subfield code="r">2023-02-07</subfield>
    <subfield code="t">1</subfield>
    <subfield code="w">2012-06-24</subfield>
    <subfield code="y">LB</subfield>
  </datafield>
  <datafield tag="999" ind1=" " ind2=" ">
    <subfield code="c">63202</subfield>
    <subfield code="d">63202</subfield>
  </datafield>
</record>
